000 nam a22 7a 4500
999 _c10165
_d10165
008 180212b ||||| |||| 00| 0 eng d
100 _aMohan, R
_96133
245 _aMothiville maths class - VII
260 _aNew Delhi
_bG Ram Book Publication
_c2013